Hardstone Psycho Tracklist (Don Toliver) - Statistics

General Stats
  • This quiz has been taken 376 times
  • The average score is 12 of 16
Answer Stats
Hint Answer % Correct
2 Tore Up
92%
1 Kryptonite
88%
3 (ft Kodak Black) Brother Stone
86%
3 (ft Travis Scott) Ice Age
84%
1 (ft Future, Metro Boomin) Purple Rain
84%
4 (ft Charlie Wilson, Cash Cobain) Attitude
83%
1 Bandit
79%
2 New Drop
74%
4 4x4
73%
1 (ft Travis Scott) Inside
72%
3 (ft Teezo Touchdown) Backstreets
70%
2 Glock
64%
4 Hardstone National Anthem
61%
4 Deep In The Water
57%
2 5 To 10
56%
3 Last Laugh
49%
No matching quizzes found
Score Distribution
Percent of People with Each Score
Percentile by Number Answered
Your Score History
You have not taken this quiz